• 首页
  • 本馆介绍
  • 公告通知
  • 最新文献
  • 馆藏检索
  • 电子资源
  • 读者导购
  • 参考咨询
  • 我的图书馆
  • 登录
  • 详细信息显示
  • 放入我的书架
  • 预约/预借图书
  • 作者相关作品
  • 分类相关作品
  • 丛书相关作品
  • 出版社相关作品

书目信息

  • 表格格式
  • 工作单格式
  • 卡片格式
题名:
淞沪会战
    
 
作者: 宋希濂 , 黄维 著
分册:  
出版信息: 北京   中国文史出版社  2013
页数: 357页
开本: 24cm
丛书名:
单 册:
中图分类: K265.506
科图分类:
主题词: 八·一三事变--Ba Yi San Shi Bian--史料
电子资源:
ISBN: 978-7-5034-3702-1
000 00851nam0 22002531 450
001 350931
005 20161013094425.75
010    @a978-7-5034-3702-1@b精装@dCNY83.00
100    @a20130402d2013 em y0chiy50 ea
101 0  @achi
102    @aCN@b110000
105    @ay z 000yy
106    @ar
200 1  @a淞沪会战@ASong Hu Hui Zhan@f宋希濂,黄维等著
210    @a北京@c中国文史出版社@d2013
215    @a357页@d24cm
300    @a正面战场 原国民党将领抗日战争亲历记
330    @a本书主要是当年亲身参加淞沪会战的原国民党将领的亲历、亲见和亲闻,对战役的起因、经过和战斗情况作了详细说明。
606 0  @a八·一三事变@ABa Yi San Shi Bian@j史料
690    @aK265.506@v5
701  0 @a宋希濂@ASong Xi Lian@f(1907~1993.2)@4著
701  0 @a黄维@AHuang Wei@f(1904~1989)@4著
801  0 @aCN@bTANGWEI@c20160808
905    @b0892439-42@dK265.506@e113@f4
    
    淞沪会战/宋希濂,黄维等著.-北京:中国文史出版社,2013
    357页;24cm
    正面战场 原国民党将领抗日战争亲历记
    
    ISBN 978-7-5034-3702-1(精装):CNY83.00
    本书主要是当年亲身参加淞沪会战的原国民党将领的亲历、亲见和亲闻,对战役的起因、经过和战斗情况作了详细说明。
●
相关链接 在E读中查询图书 在五车中查询图书 在当当中查询图书 在豆瓣中查询图书


正题名:淞沪会战     索取号:K265.506/113         预约/预借

序号 登录号 条形码 馆藏地/架位号 状态 备注
1 0892439   208924397   第二样本阅览室/ [索取号:K265.506/113] 在馆    
2 0892440   208924404   第二借阅区/ [索取号:K265.506/113] 在馆    
3 0892441   208924413   第二借阅区/ [索取号:K265.506/113] 在馆    
4 0892442   208924422   史法系资料室/ [索取号:K265.506/113] 在馆    
唐山师范学院图书馆 欢迎您!
大连网信软件有限公司© 版权所有